Laporan ekonomi 2005/2006.
| Corporate Author: | |
|---|---|
| Format: | Book |
| Published: |
Putrajaya:
Kementerian Kewangan Malaysia,
2005.
|
| Edition: | Jilid 34. |
| Subjects: |
| LEADER | 00488cam a2200169 7i4500 | ||
|---|---|---|---|
| 001 | 0000017052 | ||
| 005 | 20060227090000.0 | ||
| 020 | 0 | 0 | |a 1394-4355 |
| 090 | 0 | 0 | |a M 330.9 |b KEM |
| 110 | 2 | 0 | |a Kementerian Kewangan Malaysia |
| 245 | 2 | 0 | |a Laporan ekonomi 2005/2006. |
| 250 | 0 | 0 | |a Jilid 34. |
| 260 | 0 | 0 | |a Putrajaya: |b Kementerian Kewangan Malaysia, |c 2005. |
| 300 | # | # | |a 85 p. |
| 650 | 0 | 0 | |a Economic condition -- |z Malaysia |
| 651 | 0 | 0 | |a Malaysia |
| 999 | |a B000018196 |b Book |c Malaysia |e Business Information Centre | ||